000 00257nam a2200097Ia 4500
082 _aR 830.9 ROB
245 0 _aHISTORY OF GERMAN LITERATURE
100 _a ROBERTSON, J.G. 1970
_999419
942 _cBK
008 210817s9999 xx 000 0 und d
999 _c421982
_d421981